<?xml version="1.0" encoding="UTF-8"?>
<record
    xmlns:xsi="http://www.w3.org/2001/XMLSchema-instance"
    xsi:schemaLocation="http://www.loc.gov/MARC21/slim http://www.loc.gov/standards/marcxml/schema/MARC21slim.xsd"
    xmlns="http://www.loc.gov/MARC21/slim">

  <leader>01645    a2200217   4500</leader>
  <controlfield tag="001">28091</controlfield>
  <controlfield tag="005">20260407155553.0</controlfield>
  <controlfield tag="008">260407a1984    arg                 spa d</controlfield>
  <controlfield tag="003">AR-UNSa-BCEJYS</controlfield>
  <datafield tag="040" ind1=" " ind2=" ">
    <subfield code="a">AR-UNSa-BCEJYS</subfield>
    <subfield code="b">spa</subfield>
    <subfield code="c">AR-UNSa-BCEJYS</subfield>
  </datafield>
  <datafield tag="080" ind1=" " ind2=" ">
    <subfield code="a">347.615</subfield>
    <subfield code="x">Pensi&#xF3;n alimenticia. Pensi&#xF3;n (Alimentos)</subfield>
  </datafield>
  <datafield tag="245" ind1="1" ind2="0">
    <subfield code="a">Alimentos entre c&#xF3;nyuges</subfield>
  </datafield>
  <datafield tag="020" ind1=" " ind2=" ">
    <subfield code="a">950-508-128-6</subfield>
  </datafield>
  <datafield tag="264" ind1=" " ind2="1">
    <subfield code="a">Buenos Aires :</subfield>
    <subfield code="b">Astrea</subfield>
    <subfield code="c">1984</subfield>
  </datafield>
  <datafield tag="300" ind1=" " ind2=" ">
    <subfield code="a">xxiii, 258 p.</subfield>
    <subfield code="c">23 cm.</subfield>
  </datafield>
  <datafield tag="505" ind1=" " ind2=" ">
    <subfield code="a">1. Generalidades - 2. Alimentos durante la convivencia conyugal - 3. Alimentos durante la separaci&#xF3;n de hecho - 4. Alimentos con motivo del divorcio iniciado o inminente - 5. Alimentos para el c&#xF3;nyuge inocente del divorcio - 6. Alimentos para el c&#xF3;nyuge culpable del divorcio - 7. Imputaci&#xF3;n de los alimentos pasados durante el juicio de divorcio - 8. Divorcio rechazado y divorcio perimido - 9. Alimentos dejados a salvo en el divorcio consensual - 10. Alimentos en el divorcio vincular (Ley 14.394) - 11. Los alimentos y la nulidad matrimonial - 12. Divorcio en el extranjero - 13. Alimentos provisorios del art&#xED;culo 375 del C&#xF3;digo Civil - 14. Alimentos atrasados. Cuotas suplementarias - 15. Recursos del alimentante y del alimentario - 16. Forma y monto de la cuota alimentaria - 17. Convenios sobre la cuota alimentaria - 18. Mutabilidad de la cuota alimentaria - 19. Cesaci&#xF3;n de los alimentos - 20. Cuestiones procesales - 21. Delito de incumplimiento a los deberes de asistencia familiar - 22. Alimentos contractuales</subfield>
  </datafield>
  <datafield tag="942" ind1=" " ind2=" ">
    <subfield code="c">BK</subfield>
  </datafield>
  <datafield tag="590" ind1=" " ind2=" ">
    <subfield code="a">niveau_biblio:m niveau_hierar:0</subfield>
  </datafield>
  <datafield tag="100" ind1="1" ind2=" ">
    <subfield code="a">Escribano, Carlos</subfield>
  </datafield>
  <datafield tag="700" ind1="1" ind2=" ">
    <subfield code="a">Escribano, Ra&#xFA;l Eduardo</subfield>
  </datafield>
  <datafield tag="999" ind1=" " ind2=" ">
    <subfield code="c">1649</subfield>
    <subfield code="d">1649</subfield>
  </datafield>
  <datafield tag="952" ind1=" " ind2=" ">
    <subfield code="0">0</subfield>
    <subfield code="1">0</subfield>
    <subfield code="4">0</subfield>
    <subfield code="7">0</subfield>
    <subfield code="a">BCEJYS</subfield>
    <subfield code="b">BCEJYS</subfield>
    <subfield code="c">16</subfield>
    <subfield code="d">2026-04-07</subfield>
    <subfield code="l">0</subfield>
    <subfield code="o">347.615 E74</subfield>
    <subfield code="p">L119964</subfield>
    <subfield code="r">2026-04-07 15:55:53</subfield>
    <subfield code="w">2026-04-07</subfield>
    <subfield code="y">L</subfield>
  </datafield>
</record>
